Statistiques concernant Culture Générale - Série 620

Cliquez ici pour prendre le quiz!

Statistiques générales

  • Ce quiz a été pris 206 fois
  • Le résultat moyen est 8 sur 10

Statistiques - réponses

QuestionRéponse% Correct
Je peux être circulaire, sauteuse, égoïne mais aussi musicale : que suis-je ?scie
98%
Quelle plante rimant avec "pastis", sert justement à fabriquer cette boisson ?anis
94%
Quelle pièce de vaisselle associe-t-on communément à une coupe de cheveux courts, dégagés et en arrondi ?bol
94%
En France, pour contacter le SAMU, le service d'aide médicale urgente, quel numéro faut-il composer ?15
87%
Quelle charcuterie se dit "prosciutto" en italien ?jambon
79%
Un mauvais journal est familièrement appelé une "feuille de...chou
77%
En 2008, dans le film "Astérix aux jeux Olympiques", quel acteur interprète César ?Alain Delon
72%
Quelle actrice joue Cléopâtre dans le film "Astérix et Obélix : mission Cléopâtre" ?Monica Bellucci
63%
Sous quel nom connait-on plus couramment la loi du 10 janvier 1991 relative à la lutte contre le tabagisme et l'alcoolisme ?loi Evin
51%
Quel candidat fut battu par John Kennedy aux élections présidentielles de 1960 ?Richard Nixon
45%

Distribution des résultats

Percentile par nombre de réponses

% des personnes avec chaque résultat

Votre développement - résultats

Vous n’avez pas pris ce quiz